Géographie physique du Japon - Statistiques

Statistiques générales
  • Ce quiz a été pris 104 fois
  • Le résultat moyen est 13 sur 20
Statistiques - réponses
Question Réponse % Correct
Plus grandes villes Tokyo
100%
Cette ville est l’ancienne capitale du Japon Kyoto
96%
Villes bombardées par les États-Unis en 1945 Hiroshima
94%
Point culminant Mont Fuji
94%
Nagasaki
94%
Osaka
90%
Surnom du Japon Pays du Soleil Levant
90%
Hokkaidō
84%
Plus grandes préfectures Hokkaidō
83%
Plus grandes îles Honshū
77%
Cette tour a inspiré la Tokyo Tower Tour Eiffel
66%
Okinawa
63%
Kyūshū
61%
Nagoya
55%
Shikoku
50%
Yokohama
39%
Fukushima
28%
Chaîne de montagnes où se trouve le mont Kita Alpes Japonaises
18%
Iwate
9%
Plus long fleuve Shinano
4%
Aucun quiz correspondant
Distribution des résultats
% des personnes avec chaque résultat
Percentile par nombre de réponses
Votre historique - résultats
Vous n’avez pas pris ce quiz